Письма Сергея Андреевича Муромцева к Семену Алексеевичу Муромцеву (к дяде)

Доступно только в Электронных читальных залах Найти на картеНа карте
RUSMARC
00003603nac2a22002531x 450
001bc0b8992-537f-41b1-a97f-d21dbeccf90b
00520131127095355.0
100##$a20130529l18741879k y0rusy50 ca
1010#$arus
102##$aRU
105##$ay z |||e|
2001#$aПисьма Сергея Андреевича Муромцева к Семену Алексеевичу Муромцеву (к дяде)
$j1874-1879
215##$a10 листов
251##$cДело
300##$aЗаголовок дела на папке отсутствует
300##$aНапечатано на машинке
324##$aКопия
461#0$1001b93987b0-497b-45ac-815e-da375216da3a
$12001
$aМуромцев Сергей Андреевич, юрист, публицист, земский деятель, председатель I государственной думы, профессор московского университета, член центрального комитета конституционно-демократической партии
$1251
$cФонд
$1852
$j575
462#0$1001a66574ad-a41b-49dd-93cb-e232cbca1105
$12001
$aМуромцев Сергей Андреевич
$1251
$cОпись
$1852
$j1
600#1$aМуромцев
$bС. А.
$f1850-1910
$gСергей Андреевич
600#1$aМуромцев
$bС. А.
$gСемен Алексеевич
801#0$aRU
$bGA_RF
801#1$aRU
$bНПО Опыт
$c20130529
$2rusmarc
801#2$aRU
$bПБ им. Б.Н. Ельцина
$c20131127
$gRCR
$2rusmarc
852##$aГА РФ
$j4
937##$d42089413
$hПБ
035##$aRuPRLIB51000206
Формат отображения